000 00444nam a2200157 i 4500
001 21461
003 ES-MaACL
005 20230906152500.0
007 t|
008 021125s1975 sp ||||1| spa d
100 1 _aAlcalá-Zamora y Castillo, Niceto.
_919476
245 1 0 _aEstudios procesales /
_cNiceto Alcalá-Zamora y Castillo.
260 _aMadrid :
_bTecnos,
_c[1975]
300 _a779 p. ;
_c24 cm.
852 _aES-MaACL
_jE-6605
_bR.91176
999 _c21461
_d21461